Devízový zákon úplné znenie s výkladom. Správne poplatky zákon s výkladom. Zmluva o združení. Tichá spoločnosť vzor spoločenskej zmluvy

Salvato in:
Dettagli Bibliografici
Natura: Libro
Lingua:slovacco
Pubblicazione: Žilina : Poradca podnikateľa, spol.s.r.o., 1992
Serie:Poradca podnikateľa číslo 10-11/92
Tags: Aggiungi Tag
Nessun Tag, puoi essere il primo ad aggiungerne!!

MARC

LEADER 00000nam a22000003a 4500
001 stu20891
005 20150408181432.0
008 921127s1992----cs------------------slo-d
040 |a STU  |b slo 
041 0 |a slo 
044 |a cs 
080 |a 347.4 
245 |a Devízový zákon úplné znenie s výkladom. Správne poplatky zákon s výkladom. Zmluva o združení. Tichá spoločnosť vzor spoločenskej zmluvy 
260 |a Žilina :  |b Poradca podnikateľa, spol.s.r.o.,  |c 1992 
300 |a 176 s :  |b Obr.,tab 
830 0 |a Poradca podnikateľa  |v číslo 10-11/92 
996 |b C90444  |c C*90444  |l CCXIV  |s P  |a 0  |w stu20891_0001